000
00327nam a22001577a 4500
003
SGT
020
_a
978-91-312-3463-1
082
_a
611
_b
G15S
100
_a
SINGH, VISHRAM
245
_a
GENERAL ANATOMY
250
_a
2ND
260
_a
DELHI
_b
ELSEVIER
_c
2015
300
_a
235
650
_a
ANATOMY
942
_2
ddc
_c
BK
_0
18
999
_c
8255
_d
8255